00721nam a22002057a 450000500170000000800410001701000140005802000230007203500130009503700150010804000120012308200150013510000260015024501260017626000460030226000090034827000810035730000270043850000500046520080626104633.0080618t xxu||||| |||| 00| 0 eng d aENG-90432 c650.00a0761936060 aEN-73965 bDBAD / PUB aDPLbEN a382.30954  aChakraborty, Debashis aThe WTO deadlocked :cby Debashis Chakrabhorty [and] Amir Ullah Khanbunderstanding the dynamics of International trade / aNew Delhi bSage Publications Indiac2008 a b  aB 1/1-1 Mohan Cooperative Industrial Area, Mathura Road bNew Delhi e110044 axxv, 327p.c23 cm (Hb) aIncludes bibliographical references and index